Biggest Cities in the Americas by Letter - D - Statistics

General Stats
  • This quiz has been taken 146 times
    74 since last reset
  • The average score is 8 of 20
Answers on the Map
Answers color-coded by a green-red scale on the quiz's map according to % correct below.
 
Answer Stats
Population Country Urban Area % Correct
7,676,519 United States Dallas
98%
3,193,848 United States Denver
98%
4,090,503 United States Detroit
98%
999,769 United States Dayton
72%
621,337 United States Des Moines
72%
123,101 United States Dover
70%
141,195 United States Duluth
70%
402,126 United States Daytona Beach
55%
346,212 United States Davenport
45%
688,697 Mexico Durango
45%
171,680 United States Danbury
30%
231,875 United States Deltona
20%
207,343 Panama David
13%
103,785 United States Davis
12%
108,291 Canada Drummondville
7%
260,640 Brazil Dourados
3%
195,359 Mexico Delicias
2%
253,255 Brazil Divinópolis
2%
102,756 Mexico Dolores Hidalgo
0%
117,200 Colombia Duitama
0%
No matching quizzes found
Score Distribution
Percent of People with Each Score
Percentile by Number Answered
Your Score History
You have not taken this quiz since the last reset